000 00942nam a2200241Ia 4500
003 GCL
005 20240530104951.0
008 140319s9999 xx 000 0 ara d
040 _aGCL /
_cGCL
082 0 4 _a810.99569
_bس م
100 1 _aسلمى الخضراء الجيوسى
245 1 0 _aموسوعة الادب الفلسطينى المعاصر الشعر - النثر /
_cسلمى الخضراء الجيوسى
260 _aبيروت :
_bالمؤسسة العربية للدراسات والنشر ؛
_c1997
300 _a526 ص ؛
_b24 سم
490 _aالهيئة العامة للاستعلامات
_v0
650 0 4 _aالادب العربى
650 0 4 _aالادب الفلسطينى
650 0 4 _aالشعر العربى - دواوين وقصائد
650 0 4 _aالشعر العربى - فلسطين
650 0 4 _aالنثر الادبى
650 0 4 _aالادب العربى - فلسطين
942 _2ddc
_cBK
999 _c52133
_d52133